000 01004nam a22003137a 4500
003 CHAP
005 20220329135535.0
008 971013s1967 r 00010 d
010 _a38223
011 _a39195
035 _a43315
040 _cCHAP
082 _a506.58
_bP3
100 0 0 _aPaylore, Patricia.
_986321
245 _aArid-lands research institutions
_b: a world directory
260 _aTuckson :
_bUniversity of Arizona,
_c1967
300 _a268 p.
590 _aBATCH-UPD
_b10
_c20130110
_lUCH01
_h0337
590 _aBATCH-UPD
_b10
_c20130110
_lUCH01
_h2127
590 _aBATCH-UPD
_b10
_c20130410
_lUCH01
_h0010
590 _aBATCH-UPD
_b10
_c20130410
_lUCH01
_h1450
590 _aBATCH-UPD
_b10
_c20130914
_lUCH01
_h1648
590 _aCONVERSION
_b10
_c20130109
_lUCH01
_h1321
650 1 4 _aInstituciones científicas
_xDirectorios.
_958975
650 1 4 _aRegiones áridas
_xInvestigación.
_995686
901 _aBK
942 _cLIBRO
949 _a506.58 P3
_bBC
_cC
_d-99310
_eC
_h33729
_i43315
_mD
_si
999 _c38223
_d38223